[Event "XIX Festival A"]
[Site "Arco ITA"]
[Date "2007.10.25"]
[Round "6"]
[White "Bonade', Massimo"]
[Black "Valenti, Giuseppe"]
[Result "1/2-1/2"]
[WhiteElo "2168"]
[BlackElo "2207"]
[PlyCount "43"]
[EventDate "2007.10.20"]

1. d4 Nf6 2. c4 e6 3. Nc3 Bb4 4. e3 b6 5. Nge2 c5 6. a3 Ba5 7. Rb1 Qe7 8. Bd2
Na6 9. d5 O-O 10. g3 d6 11. Bg2 Bb7 12. O-O exd5 13. cxd5 Rfe8 14. e4 Rad8 15.
Qa4 Rc8 16. Bf4 c4 17. Nd4 Nc5 18. Qc2 Bxc3 19. bxc3 g6 20. Nb5 Rcd8 21. Nxa7
Bxd5 22. exd5 1/2-1/2

[Event "XIX Festival A"]
[Site "Arco ITA"]
[Date "2007.10.25"]
[Round "6"]
[White "Cardili, Mariano"]
[Black "Marini, Lucio"]
[Result "1-0"]
[WhiteElo "2100"]
[BlackElo "1860"]
[PlyCount "113"]
[EventDate "2007.10.20"]

1. d4 d5 2. c4 c6 3. Nf3 Nf6 4. Nc3 dxc4 5. a4 Bf5 6. e3 e6 7. Bxc4 Bb4 8. O-O
O-O 9. Qe2 Ne4 10. Nxe4 Bxe4 11. Nd2 Bg6 12. Nb3 Nd7 13. Rd1 Qe7 14. e4 e5 15.
d5 cxd5 16. Bxd5 Nf6 17. Bg5 Rfd8 18. Qb5 Rd7 19. a5 Rad8 20. f3 h6 21. Bh4 Kh7
22. Rac1 Qf8 23. Nc5 Bxc5+ 24. Qxc5 Qxc5+ 25. Rxc5 b6 26. Bxf6 gxf6 27. axb6
axb6 28. Rc6 Rd6 29. Rxd6 Rxd6 30. g4 h5 31. h3 hxg4 32. hxg4 Kg7 33. Kf2 Kf8
34. Rd3 Ke7 35. Ke2 Kd8 36. Bb3 Kc7 37. Rxd6 Kxd6 38. Kd3 Kc5 39. Kc3 b5 40.
Bd5 b4+ 41. Kb3 Bh7 42. Kc2 Kd4 43. Kd2 Bg6 44. Bb3 Bh7 45. Bxf7 Kc5 46. Ke3
Kc6 47. f4 exf4+ 48. Kxf4 Kd6 49. Bd5 Bg6 50. g5 fxg5+ 51. Kxg5 Be8 52. Kf6 Bh5
53. Bc4 Kc5 54. b3 Kd6 55. e5+ Kd7 56. e6+ Ke8 57. Bb5+ 1-0

[Event "XIX Festival A"]
[Site "Arco ITA"]
[Date "2007.10.25"]
[Round "6"]
[White "Castellano, Alfonso"]
[Black "Collato, Luca"]
[Result "1-0"]
[WhiteElo "1926"]
[BlackElo "1512"]
[PlyCount "89"]
[EventDate "2007.10.20"]

1. c4 f5 2. Nf3 Nf6 3. g3 g6 4. Bg2 Bg7 5. O-O O-O 6. Nc3 d6 7. b3 e5 8. Bb2 c6
9. d3 Qe7 10. e4 Na6 11. Qd2 Rd8 12. Rfe1 Nc7 13. d4 Nxe4 14. Nxe4 fxe4 15.
Rxe4 Bf5 16. Re2 e4 17. Nh4 d5 18. Rd1 Qf8 19. f3 Bh6 20. Qe1 exf3 21. Bxf3 Re8
22. Re5 Rxe5 23. Qxe5 Na6 24. Nxf5 gxf5 25. Qe6+ Kh8 26. Re1 dxc4 27. bxc4 Bg7
28. a3 f4 29. g4 Nc7 30. Qd7 Qd8 31. Re7 Qxd7 32. Rxd7 Rc8 33. Be4 Ne8 34. Bf5
Rb8 35. g5 b5 36. c5 a5 37. h4 b4 38. axb4 axb4 39. h5 h6 40. gxh6 Bxh6 41.
Rh7+ Kg8 42. Rxh6 Ng7 43. Rg6 Kf7 44. Bg4 Rh8 45. d5 1-0

[Event "XIX Festival A"]
[Site "Arco ITA"]
[Date "2007.10.25"]
[Round "6"]
[White "Crea, Vincenzo"]
[Black "Coqueraut, Lodewyk"]
[Result "1-0"]
[WhiteElo "2042"]
[BlackElo "1926"]
[PlyCount "115"]
[EventDate "2007.10.20"]

1. d4 d5 2. Nf3 Nf6 3. Bf4 g6 4. e3 Bg7 5. Be2 O-O 6. h3 c5 7. c3 cxd4 8. exd4
Qb6 9. Qb3 Qxb3 10. axb3 Nc6 11. Nbd2 Re8 12. b4 b6 13. Bb5 Bb7 14. O-O a6 15.
Bd3 b5 16. Rfe1 Nd7 17. Nb3 Bf8 18. Na5 Nxa5 19. Rxa5 Nb6 20. Ra2 e6 21. h4 h5
22. Ne5 Kg7 23. Bc2 Rec8 24. Nd3 Nd7 25. Bg3 Be7 26. Raa1 Rc6 27. Bb3 Rcc8 28.
Re2 Bf6 29. Nf4 Nf8 30. Bc2 Re8 31. Nd3 Nd7 32. Be5 Nxe5 33. Nxe5 Bxh4 34. Bd3
Bd8 35. Nd7 Bc7 36. Nc5 Bc6 37. g3 a5 38. bxa5 Rxa5 39. Rxa5 Bxa5 40. b4 Bb6
41. Ra2 Rb8 42. Ra6 Be8 43. Kg2 Kf6 44. f4 g5 45. Kh3 gxf4 46. gxf4 Ke7 47. Be2
f6 48. Ra1 Kd6 49. Rg1 Bxc5 50. bxc5+ Kc6 51. Rg8 e5 52. Kh4 exd4 53. cxd4 b4
54. Bxh5 Kd7 55. c6+ Ke7 56. c7 Rc8 57. Rxe8+ Kd7 58. Bg4+ 1-0

[Event "XIX Festival A"]
[Site "Arco ITA"]
[Date "2007.10.25"]
[Round "6"]
[White "Dalla Vecchia, Paolo"]
[Black "Fragni, Enrico"]
[Result "1-0"]
[WhiteElo "1829"]
[BlackElo "1764"]
[PlyCount "111"]
[EventDate "2007.10.20"]

1. d4 c6 2. Nf3 d6 3. Bf4 Bg4 4. e3 Nd7 5. Be2 Ngf6 6. Nbd2 Qa5 7. c3 e5 8.
dxe5 dxe5 9. Nc4 Qc7 10. Ncxe5 Bxf3 11. Nxf3 Qb6 12. Qc2 h6 13. h3 Be7 14. Nd4
g6 15. Bc4 Nh5 16. Bh2 Qc5 17. Qb3 O-O 18. Ne6 fxe6 19. Bxe6+ Kg7 20. Bxd7 Nf6
21. Be6 b5 22. O-O Ne4 23. Qc2 Ng5 24. Bb3 a5 25. a3 a4 26. Ba2 Bf6 27. Bb1 Qf5
28. Qd1 Qe6 29. Qd3 Be7 30. Ba2 Qf5 31. Qxf5 Rxf5 32. Rad1 Rd8 33. Rxd8 Bxd8
34. Rd1 Bb6 35. Bb1 Rd5 36. Rxd5 cxd5 37. Ba2 b4 38. cxb4 d4 39. Be5+ Kf8 40.
exd4 Ke7 41. Bd5 Ne6 42. Bxe6 Kxe6 43. Kf1 Kd5 44. Ke2 Kc4 45. Kd2 g5 46. Ke2
h5 47. Kf3 Bd8 48. Ke4 g4 49. f4 gxf3 50. gxf3 Bg5 51. f4 Be7 52. d5 Kb5 53. f5
Bf8 54. f6 Bh6 55. f7 Bf8 56. Kf5 1-0

[Event "XIX Festival A"]
[Site "Arco ITA"]
[Date "2007.10.25"]
[Round "6"]
[White "De Santis, Alessio"]
[Black "Maneschi, Giuseppe"]
[Result "1-0"]
[WhiteElo "2367"]
[BlackElo "2071"]
[PlyCount "57"]
[EventDate "2007.10.20"]

1. d4 g6 2. c4 Bg7 3. e4 d6 4. Nc3 Nc6 5. Nge2 e5 6. d5 Nce7 7. f3 f5 8. Be3
Bh6 9. Bf2 Nf6 10. exf5 Nxf5 11. g4 Ne3 12. Qd3 Nxf1 13. Rxf1 O-O 14. h4 Bf4
15. Nxf4 exf4 16. O-O-O a6 17. h5 g5 18. Rfe1 Nxg4 19. fxg4 Bxg4 20. Rd2 Bxh5
21. Bd4 Bg6 22. Qh3 Qc8 23. Qh6 Qd7 24. Re6 Qf7 25. Rg2 f3 26. Rxg6+ Qxg6 27.
Rxg5 Rf7 28. Rxg6+ hxg6 29. Qh8# 1-0

[Event "XIX Festival A"]
[Site "Arco ITA"]
[Date "2007.10.25"]
[Round "6"]
[White "Del Nevo, Claudio"]
[Black "Vink, Wim"]
[Result "1-0"]
[WhiteElo "1889"]
[BlackElo "2084"]
[PlyCount "121"]
[EventDate "2007.10.20"]

1. d4 d5 2. Nf3 Nf6 3. Bg5 Nbd7 4. e3 e6 5. Bd3 c5 6. c3 Be7 7. Bxf6 Bxf6 8.
Nbd2 b6 9. Qc2 h6 10. O-O Bb7 11. Bb5 O-O 12. Qa4 Nb8 13. Qc2 a6 14. Bd3 Nd7
15. Rfe1 Rc8 16. Qd1 e5 17. dxe5 Nxe5 18. Nxe5 Bxe5 19. Nf3 Bb8 20. Qe2 a5 21.
Ba6 Bxa6 22. Qxa6 Qc7 23. g3 Rcd8 24. Rad1 Qc6 25. Qe2 Rd6 26. Ne5 Qe8 27. f4
f6 28. Nf3 Qe4 29. Qg2 Re8 30. Nh4 Qxg2+ 31. Kxg2 Red8 32. Nf5 R6d7 33. Re2 Kf7
34. Red2 h5 35. Nh4 g6 36. Nf3 Rd6 37. h3 b5 38. g4 hxg4 39. hxg4 b4 40. cxb4
axb4 41. g5 Ke6 42. Rh1 fxg5 43. Nxg5+ Kf6 44. Rh7 R6d7 45. Rxd5 Rxh7 46. Nxh7+
Ke7 47. Rxd8 Kxd8 48. Nf8 c4 49. Ne6+ Kd7 50. Nd4 Ba7 51. Nc2 Bc5 52. Kf3 Ke6
53. Ke4 Kd6 54. Nd4 Bb6 55. f5 Bxd4 56. Kxd4 c3 57. bxc3 bxc3 58. Kxc3 g5 59.
e4 Ke5 60. Kd3 Kf4 61. f6 1-0

[Event "XIX Festival A"]
[Site "Arco ITA"]
[Date "2007.10.25"]
[Round "6"]
[White "Dittmar, Peter"]
[Black "Wohl, Aleksandar H."]
[Result "1/2-1/2"]
[WhiteElo "2318"]
[BlackElo "2415"]
[PlyCount "84"]
[EventDate "2007.10.20"]

1. Nf3 g6 2. g3 Bg7 3. Bg2 c5 4. c4 Nc6 5. O-O Nh6 6. Nc3 Nf5 7. Rb1 h5 8. h4
d6 9. d3 Bd7 10. a3 Qc8 11. Nd5 e6 12. Nf4 a5 13. Bd2 a4 14. Bc3 Ne5 15. Ng5
Bc6 16. e4 Nd4 17. Bxd4 cxd4 18. Bh3 Bd7 19. b4 Bh6 20. Ng2 Bxg5 21. hxg5 Nc6
22. b5 Ne7 23. Rb4 e5 24. Bxd7+ Qxd7 25. Rxa4 O-O 26. Rxa8 Rxa8 27. a4 Qh3 28.
Qb3 Nc8 29. Ra1 Nb6 30. Qb4 Qe6 31. a5 Nd7 32. Ra3 Nc5 33. Qd2 Qg4 34. a6 bxa6
35. bxa6 Rxa6 36. Rxa6 Nxa6 37. Qa5 Nc5 38. Qd8+ Kh7 39. Qe7 Kg7 40. Qf6+ Kg8
41. Qd8+ Kh7 42. Qe7 Kg7 1/2-1/2

[Event "XIX Festival A"]
[Site "Arco ITA"]
[Date "2007.10.25"]
[Round "6"]
[White "Giaracuni, Claudio"]
[Black "Zenatto, Giuliano"]
[Result "1/2-1/2"]
[WhiteElo "1759"]
[BlackElo "1853"]
[PlyCount "111"]
[EventDate "2007.10.20"]

1. d4 d5 2. c4 c6 3. Nc3 Nf6 4. cxd5 cxd5 5. Bg5 e6 6. e3 a6 7. Bd3 Be7 8. Nf3
O-O 9. O-O Nc6 10. Rc1 Bd7 11. a3 Rc8 12. b4 b5 13. Qd2 Ne8 14. Bxe7 Qxe7 15.
Rc2 Nd6 16. Ne5 Nxe5 17. dxe5 Nc4 18. Bxc4 bxc4 19. e4 dxe4 20. Nxe4 Bb5 21.
Nd6 Rc7 22. Rd1 Ba4 23. Rxc4 Rxc4 24. Nxc4 Bxd1 25. Qxd1 Rc8 26. Nd6 Rc6 27. h3
Qc7 28. Qa4 h6 29. b5 Rc1+ 30. Kh2 axb5 31. Qxb5 Rc6 32. a4 Rc5 33. Qe8+ Kh7
34. Nxf7 Qc8 35. Qxc8 Rxc8 36. Nd6 Rc5 37. f4 g6 38. g4 Ra5 39. Kg3 Rxa4 40. f5
Ra3+ 41. Kf4 Ra4+ 42. Ne4 g5+ 43. Ke3 Ra3+ 44. Kd4 exf5 45. gxf5 Kg7 46. e6
Ra4+ 47. Kd5 Ra5+ 48. Nc5 Kf6 49. Kd6 Ra8 50. e7 Re8 51. Ne4+ Kxf5 52. Kd7
Rxe7+ 53. Kxe7 Kxe4 54. Kf6 Kf4 55. Kg6 Kg3 56. Kxh6 1/2-1/2

[Event "XIX Festival A"]
[Site "Arco ITA"]
[Date "2007.10.25"]
[Round "6"]
[White "Giovannini, Roberto"]
[Black "Weinberg, Emanuele"]
[Result "1-0"]
[WhiteElo "2013"]
[BlackElo "1907"]
[PlyCount "119"]
[EventDate "2007.10.20"]

1. d4 Nf6 2. Bf4 e6 3. e3 d5 4. Bd3 c5 5. c3 Nc6 6. Nd2 c4 7. Bc2 Be7 8. a4 Qb6
9. Rb1 O-O 10. Ngf3 h6 11. Ne5 Nxe5 12. dxe5 Nd7 13. Qh5 Nc5 14. O-O Nd3 15.
Bg3 Qc6 16. Nf3 Qe8 17. Nd4 f6 18. Qxe8 Rxe8 19. exf6 Bxf6 20. Nb5 Bd8 21. Nd6
Rf8 22. Bxd3 cxd3 23. Nxc8 Rxc8 24. Rfd1 Rc4 25. Ra1 Bf6 26. Rxd3 Rd8 27. f3 a6
28. Be1 Rdc8 29. Kf1 R8c6 30. Ra2 Kf7 31. Ke2 R4c5 32. Rd1 Rc8 33. Kd3 R5c6 34.
Rc1 Rb6 35. b4 Rbc6 36. Rcc2 Rc4 37. f4 g6 38. g4 Bg7 39. h4 h5 40. gxh5 gxh5
41. Ra3 Bf6 42. Rg2 R8c7 43. Rb3 b5 44. axb5 axb5 45. Ra3 R4c6 46. Rc2 Be7 47.
Rca2 Bf6 48. Ra7 Rxa7 49. Rxa7+ Kg6 50. Rb7 Kf5 51. Rxb5 Kg4 52. Rb8 Bxh4 53.
b5 Rc5 54. Bxh4 Kxh4 55. b6 Rb5 56. b7 Kh3 57. Kd4 h4 58. Ke5 d4+ 59. Kxd4 Kh2
60. Rh8 1-0

[Event "XIX Festival A"]
[Site "Arco ITA"]
[Date "2007.10.25"]
[Round "6"]
[White "Giuriato, Sergio"]
[Black "Voermans, Adri"]
[Result "1-0"]
[WhiteElo "1990"]
[BlackElo "1887"]
[PlyCount "43"]
[EventDate "2007.10.20"]

1. d4 Nf6 2. c4 g6 3. Nf3 c5 4. d5 Bg7 5. Nc3 d6 6. g3 Nbd7 7. Bg2 a6 8. a4 Rb8
9. O-O O-O 10. h3 b6 11. e4 Re8 12. Be3 Nf8 13. Qd3 e6 14. dxe6 Bxe6 15. Ng5
Qc7 16. f4 N8d7 17. Rad1 Rbd8 18. b3 Nh5 19. g4 Bxc3 20. Qxc3 Ng7 21. f5 f6 22.
fxe6 1-0

[Event "XIX Festival A"]
[Site "Arco ITA"]
[Date "2007.10.25"]
[Round "6"]
[White "Isonzo, David"]
[Black "Ager, Josef"]
[Result "1/2-1/2"]
[WhiteElo "2339"]
[BlackElo "2188"]
[PlyCount "107"]
[EventDate "2007.10.20"]

1. e4 e5 2. Nf3 Nc6 3. Bb5 a6 4. Ba4 Nf6 5. O-O Be7 6. Re1 b5 7. Bb3 d6 8. c3
O-O 9. h3 Nb8 10. d4 Nbd7 11. Nbd2 Bb7 12. Bc2 Re8 13. Nf1 Bf8 14. Ng3 g6 15.
Bg5 Bg7 16. Qd2 Nf8 17. d5 Qd7 18. Red1 Kh8 19. a4 Reb8 20. Ra3 Ne8 21. Bh6 c6
22. Bxg7+ Kxg7 23. dxc6 Bxc6 24. axb5 axb5 25. Rxa8 Rxa8 26. Bb3 Qe7 27. Ng5
Ne6 28. Nxe6+ fxe6 29. Qe3 Rb8 30. Ra1 Rb7 31. Ra6 Rc7 32. f4 exf4 33. Qxf4 e5
34. Qg4 Kh8 35. Kh2 Bd7 36. Qd1 Be6 37. Bxe6 Qxe6 38. Qf1 Rb7 39. Qd3 Kg7 40.
Nf1 Qf7 41. Kg1 Qf4 42. Qe3 Kf7 43. Qf3 Qxf3 44. gxf3 Ke6 45. Ne3 Nc7 46. Ra1
Kd7 47. Kf2 Kc6 48. h4 Rb8 49. h5 b4 50. cxb4 gxh5 51. Rh1 h4 52. Ke2 h3 53.
Rxh3 Rxb4 54. Rxh7 1/2-1/2

[Event "XIX Festival A"]
[Site "Arco ITA"]
[Date "2007.10.25"]
[Round "6"]
[White "Kern, Beat"]
[Black "Acunzo, Domenico"]
[Result "0-1"]
[WhiteElo "1694"]
[BlackElo "1775"]
[PlyCount "82"]
[EventDate "2007.10.20"]

1. Nf3 d5 2. d4 f5 3. e3 e6 4. c4 c6 5. cxd5 exd5 6. Bd3 Nf6 7. O-O Bd6 8. Ne5
O-O 9. b3 Qe7 10. f4 Ne4 11. Bb2 Nd7 12. Nxd7 Bxd7 13. Qe2 Rae8 14. Bxe4 Qxe4
15. Qd2 Qxe3+ 16. Qxe3 Rxe3 17. Nc3 Rfe8 18. a3 Be7 19. Rad1 b5 20. b4 a5 21.
g3 axb4 22. axb4 Bd6 23. Nb1 Bxb4 24. Bc1 Re1 25. Bd2 Bxd2 26. Nxd2 Rxd1 27.
Rxd1 Re3 28. Nb1 Re2 29. h4 Kf7 30. Kf1 Rh2 31. Ke1 Rc2 32. Nd2 Rc3 33. Nf1 Ke6
34. Kf2 g6 35. Ne3 Kd6 36. Ke2 Ra3 37. Rd2 b4 38. Rb2 c5 39. dxc5+ Kxc5 40. Rd2
Bb5+ 41. Kf2 d4 0-1

[Event "XIX Festival A"]
[Site "Arco ITA"]
[Date "2007.10.25"]
[Round "6"]
[White "La Manna, Andrea"]
[Black "Donatini, Andrea"]
[Result "1-0"]
[WhiteElo "2145"]
[BlackElo "2044"]
[PlyCount "121"]
[EventDate "2007.10.20"]

1. d4 Nf6 2. c4 e6 3. Nc3 Bb4 4. a3 Bxc3+ 5. bxc3 c5 6. f3 d5 7. cxd5 Nxd5 8.
dxc5 Qa5 9. e4 Ne7 10. Be3 O-O 11. Qb3 Nd7 12. Qb4 Qc7 13. Rb1 Nc6 14. Qb5 Kh8
15. Bd3 f5 16. Ne2 f4 17. Bf2 Nde5 18. Bc2 Qf7 19. Nd4 Qg6 20. Rg1 Qh5 21. h3
Qe8 22. Qe2 a6 23. Bb3 Bd7 24. Ba2 Rb8 25. Kd2 Qe7 26. Nc2 Na7 27. Rgd1 Bb5 28.
c4 Rbd8+ 29. Ke1 Rxd1+ 30. Rxd1 Bc6 31. Qd2 Nc8 32. Bd4 Qh4+ 33. Qf2 Qxf2+ 34.
Kxf2 Rd8 35. Ke2 Nf7 36. Nb4 Ba4 37. Rd3 Ne7 38. Bc3 Rxd3 39. Nxd3 Ng6 40. c6
Bxc6 41. c5 Bb5 42. Kd2 Bd7 43. Kc2 Kg8 44. Kb3 Kf8 45. Kb4 Nd8 46. Ka5 Bb5 47.
Bb1 Kf7 48. Kb6 Ne7 49. Nxf4 g6 50. Bd3 Ba4 51. Kc7 Nec6 52. Bc4 Ke7 53. Nd3
Na7 54. Bd2 Nac6 55. Bg5+ Ke8 56. Nf4 Nf7 57. Nxe6 Nxg5 58. Nxg5 Na5 59. Bd5 h6
60. Ne6 Ke7 61. Nd4 1-0

[Event "XIX Festival A"]
[Site "Arco ITA"]
[Date "2007.10.25"]
[Round "6"]
[White "Linz, Stefan"]
[Black "De Nisi, Roberta"]
[Result "0-1"]
[WhiteElo "1584"]
[BlackElo "1845"]
[PlyCount "70"]
[EventDate "2007.10.20"]

1. d4 f5 2. Bf4 Nf6 3. e3 d6 4. Nf3 g6 5. h3 Bg7 6. c3 O-O 7. Nbd2 Nh5 8. Bg5
Qe8 9. Be2 Nf6 10. Bf4 h6 11. Bg3 Nc6 12. Bb5 Bd7 13. Qb3+ Kh7 14. Bd3 e5 15.
dxe5 dxe5 16. Be2 Nh5 17. Bh2 Qe7 18. O-O f4 19. exf4 Nxf4 20. Bxf4 Rxf4 21. g3
Rf7 22. Kh2 Raf8 23. Kg2 e4 24. Ng1 Ne5 25. Rae1 Qc5 26. Nxe4 Bc6 27. Bf3 Bxe4
28. Bxe4 Rxf2+ 29. Rxf2 Qxf2+ 30. Kh1 Qxe1 31. Bg2 Qxg3 32. Qxb7 Nd3 33. Ne2
Nf2+ 34. Kg1 Nxh3+ 35. Kh1 Rf7 0-1

[Event "XIX Festival A"]
[Site "Arco ITA"]
[Date "2007.10.25"]
[Round "6"]
[White "Ludovici, Roberto"]
[Black "Lazzaroni, Fabio"]
[Result "1/2-1/2"]
[WhiteElo "1864"]
[BlackElo "1697"]
[PlyCount "89"]
[EventDate "2007.10.20"]

1. d4 f5 2. e4 fxe4 3. Nc3 Nf6 4. Bg5 e6 5. Nxe4 Be7 6. Ng3 Nc6 7. Nf3 b6 8. c3
Bb7 9. Bd3 Nd5 10. Qd2 O-O 11. h4 h6 12. Bxh6 gxh6 13. Qxh6 Rf7 14. Ng5 Rg7 15.
Nh5 Bf6 16. Nxg7 Bxg7 17. Qh7+ Kf8 18. Rh3 Nf6 19. Qg6 Qe8 20. Nh7+ Nxh7 21.
Qxh7 Ne7 22. h5 Qf7 23. Be4 Bxe4 24. Qxe4 d5 25. Qe2 Ke8 26. Rf3 Qg8 27. Qb5+
Kd8 28. Qe2 Kd7 29. Rh3 Bh6 30. g4 Rf8 31. Rd1 Rf4 32. f3 Qg5 33. Rh1 Ng8 34.
Qf2 Nf6 35. Qg3 Ke7 36. Rg1 Kd7 37. Rg2 Ke7 38. Rdd2 Nd7 39. Rde2 Kf6 40. Kf1
Kf7 41. Qf2 Qf6 42. Rg3 Ke7 43. Qg2 Qg5 44. Qf2 Qf6 45. Kg2 1/2-1/2

[Event "XIX Festival A"]
[Site "Arco ITA"]
[Date "2007.10.25"]
[Round "6"]
[White "Mombelli, Antonio"]
[Black "Rossi, Paolo"]
[Result "1/2-1/2"]
[WhiteElo "1717"]
[BlackElo "1884"]
[PlyCount "37"]
[EventDate "2007.10.20"]

1. e4 c5 2. c3 d5 3. exd5 Qxd5 4. d4 cxd4 5. cxd4 e5 6. Nf3 Bb4+ 7. Bd2 Bxd2+
8. Qxd2 exd4 9. Qxd4 Qxd4 10. Nxd4 Bd7 11. Bb5 Nf6 12. O-O O-O 13. Nc3 a6 14.
Bxd7 Nbxd7 15. Rad1 Rfe8 16. Rfe1 g6 17. Kf1 Rac8 18. Rxe8+ Rxe8 19. h3 1/2-1/2

[Event "XIX Festival A"]
[Site "Arco ITA"]
[Date "2007.10.25"]
[Round "6"]
[White "Moratto, Davide"]
[Black "Coqueraut, Jean Dominique"]
[Result "1/2-1/2"]
[WhiteElo "1855"]
[BlackElo "2061"]
[PlyCount "68"]
[EventDate "2007.10.20"]

1. e4 e5 2. Nf3 Nc6 3. Bb5 Nd4 4. Nxd4 exd4 5. O-O c6 6. Bd3 d6 7. b3 g6 8. Bb2
Bg7 9. f4 Nh6 10. f5 Be5 11. Qf3 O-O 12. Na3 b5 13. c4 b4 14. Nc2 c5 15. a4 Qg5
16. Rad1 Bd7 17. Bc1 Ng4 18. g3 h5 19. Be2 Qh6 20. d3 g5 21. h3 Nf6 22. h4 g4
23. Bxh6 gxf3 24. Bxf3 Rfc8 25. Rd2 Kh7 26. Bg5 Ng4 27. Bxg4 hxg4 28. Kh2 f6
29. Bf4 Kg7 30. Rdf2 Rh8 31. Kg2 a5 32. Rh1 Be8 33. Kg1 Rb8 34. Kg2 Bh5 1/2-1/2

[Event "XIX Festival A"]
[Site "Arco ITA"]
[Date "2007.10.25"]
[Round "6"]
[White "Moro, Roberto"]
[Black "Caldara, Sisto"]
[Result "0-1"]
[WhiteElo "1887"]
[BlackElo "1760"]
[PlyCount "58"]
[EventDate "2007.10.20"]

1. e4 d6 2. f4 Nf6 3. Nc3 c6 4. Nf3 Bg4 5. d4 Qa5 6. h3 Bxf3 7. Qxf3 e5 8. fxe5
dxe5 9. d5 Bb4 10. Bd2 cxd5 11. Bb5+ Kf8 12. Bd3 Nbd7 13. exd5 e4 14. Nxe4 Nxe4
15. Bxb4+ Qxb4+ 16. c3 Qxb2 17. O-O Nef6 18. Rab1 Qxa2 19. Rxb7 Rd8 20. c4 Qa3
21. Qe2 Re8 22. Qc2 Nc5 23. Rfb1 Nxd3 24. Rb8 Qc5+ 25. Kf1 Ne5 26. Qf5 Nfd7 27.
Rxe8+ Kxe8 28. Re1 Qxc4+ 29. Kg1 Qd3 0-1

[Event "XIX Festival A"]
[Site "Arco ITA"]
[Date "2007.10.25"]
[Round "6"]
[White "Niccoli, Paolo"]
[Black "Henrichsen, Jens"]
[Result "1-0"]
[WhiteElo "1861"]
[BlackElo "1982"]
[PlyCount "57"]
[EventDate "2007.10.20"]

1. e4 c5 2. Nf3 d6 3. d4 cxd4 4. Nxd4 Nf6 5. Nc3 a6 6. Bg5 e6 7. f4 Nbd7 8. Qf3
Qc7 9. O-O-O Be7 10. Bd3 h6 11. Bh4 g5 12. fxg5 Ne5 13. Qe2 Nfg4 14. Nf3 Nxf3
15. gxf3 hxg5 16. Bg3 Ne5 17. f4 gxf4 18. Bxf4 Bd7 19. Rdf1 Bc6 20. Kb1 Rh7 21.
Be3 O-O-O 22. Nd5 exd5 23. exd5 Nxd3 24. Qxd3 Rh3 25. dxc6 Qxc6 26. Rhg1 Kb8
27. Ba7+ Kxa7 28. Qxh3 Rc8 29. Qe3+ 1-0

[Event "XIX Festival A"]
[Site "Arco ITA"]
[Date "2007.10.25"]
[Round "6"]
[White "Nicolodi, Raoul"]
[Black "Rigo, Marco"]
[Result "0-1"]
[WhiteElo "1539"]
[BlackElo "1882"]
[PlyCount "106"]
[EventDate "2007.10.20"]

1. Nf3 d5 2. c4 e6 3. b3 Be7 4. g3 Bf6 5. d4 c5 6. Bb2 dxc4 7. bxc4 Nc6 8. e3
Nge7 9. Na3 Qa5+ 10. Qd2 Qxd2+ 11. Kxd2 Nf5 12. Nc2 O-O 13. Rd1 b6 14. Kc1 cxd4
15. Nfxd4 Nfxd4 16. Nxd4 Ne5 17. Bg2 Rb8 18. Nc6 Nxc6 19. Bxf6 Bb7 20. Bc3 Rbc8
21. Rd7 Ba6 22. Bxc6 Rxc6 23. Rxa7 Bxc4 24. Kb2 Rfc8 25. Rc1 f6 26. Bb4 h5 27.
Rc3 Kh7 28. Rc1 Kh6 29. h4 Kg6 30. f3 R6c7 31. Rxc7 Rxc7 32. Rc2 Kf5 33. e4+
Kg6 34. Rd2 f5 35. e5 f4 36. gxf4 Kf5 37. Rd4 Bd5 38. Bd6 Rc6 39. Bf8 Rc7 40.
Bd6 Rb7 41. a4 Bxf3 42. Rb4 Be4 43. Kc3 Kxf4 44. Kd2 Kf3 45. Rb3+ Kg2 46. Ke3
Bc6 47. Rb4 Kg3 48. Rc4 Bd5 49. Rb4 g5 50. hxg5 h4 51. Rb1 h3 52. Rg1+ Bg2 53.
Bb4 h2 0-1

[Event "XIX Festival A"]
[Site "Arco ITA"]
[Date "2007.10.25"]
[Round "6"]
[White "Panican, Gheorghe"]
[Black "Pierangeli, Andrea"]
[Result "0-1"]
[WhiteElo "2104"]
[BlackElo "2020"]
[PlyCount "116"]
[EventDate "2007.10.20"]

1. e4 c5 2. Nf3 d6 3. d4 cxd4 4. Nxd4 Nf6 5. Nc3 a6 6. Bg5 e6 7. Qd2 Be7 8. a4
Qc7 9. Be2 Nbd7 10. O-O O-O 11. f4 h6 12. Bxf6 Nxf6 13. Kh1 e5 14. Nf3 Bd7 15.
fxe5 dxe5 16. Nd5 Nxd5 17. exd5 Bd6 18. h3 Rae8 19. c4 a5 20. Rfd1 Qc5 21. b3
b6 22. Ra2 Qf2 23. Qe1 Qe3 24. Bd3 Qf4 25. Qe4 Qxe4 26. Bxe4 f5 27. Bb1 Bc5 28.
Re2 Bd6 29. Rde1 e4 30. Nd4 Bc5 31. Rd1 e3 32. Bc2 f4 33. Nf3 Bd6 34. h4 Bg4
35. Bg6 Re7 36. h5 Rf6 37. Kg1 Bf5 38. Nh4 Be4 39. Rd4 Bxg6 40. Nxg6 Re8 41.
Rd1 Kf7 42. Rf1 Re4 43. Rf3 Rf5 44. Rh3 Kf6 45. Kf1 Rd4 46. Rb2 Rg5 47. Rh4 Kf5
48. Rh2 Ke4 49. Rb1 Rd2 50. Nh8 Rf5 51. Rh3 f3 52. Rh4+ Kd3 53. gxf3 Rxf3+ 54.
Kg1 e2 55. Rh1 Ke3 56. Re1 Rg3+ 57. Kh2 Rg5+ 58. Kh3 Rxh5+ 0-1

[Event "XIX Festival A"]
[Site "Arco ITA"]
[Date "2007.10.25"]
[Round "6"]
[White "Papa, Angelo"]
[Black "De Napoli, Giuseppe"]
[Result "0-1"]
[WhiteElo "1903"]
[BlackElo "2033"]
[PlyCount "134"]
[EventDate "2007.10.20"]

1. d4 Nf6 2. Nf3 g6 3. Nc3 d5 4. Bf4 Bg7 5. e3 Bg4 6. Be2 Bxf3 7. Bxf3 e6 8.
Qd2 c6 9. h4 h5 10. O-O-O Nbd7 11. g3 Qa5 12. Kb1 b5 13. Nxd5 Qxd2 14. Nxf6+
Nxf6 15. Rxd2 Rc8 16. Bd6 Nd7 17. Re1 Nb6 18. b3 Bf8 19. Bxf8 Rxf8 20. Be2 Ke7
21. e4 Rcd8 22. Red1 b4 23. f3 a5 24. g4 hxg4 25. fxg4 Rh8 26. h5 gxh5 27. gxh5
Rdg8 28. Bf3 Rg5 29. Rh1 Rh6 30. Rg2 Rxg2 31. Bxg2 Nd7 32. c4 bxc3 33. Kc2 c5
34. Kxc3 cxd4+ 35. Kxd4 Kd6 36. Kc4 Kc6 37. Bf1 Ne5+ 38. Kc3 Kc5 39. a3 Nc6 40.
Be2 f5 41. exf5 exf5 42. Rf1 Rf6 43. Rf4 Ne7 44. b4+ axb4+ 45. axb4+ Kd6 46.
Rh4 Rh6 47. Kc4 Ke5 48. Kc5 f4 49. b5 Nd5 50. Bf3 Nb6 51. Rh1 Nd7+ 52. Kc4 Kf5
53. Kd4 Rd6+ 54. Kc4 Ne5+ 55. Kc5 Rh6 56. Be2 f3 57. Bf1 Nd7+ 58. Kd4 Kf4 59.
Rh2 Kg3 60. Rb2 Nb6 61. Rb1 Rxh5 62. Ra1 Kf2 63. Ra6 Kxf1 64. Rxb6 Rf5 65. Ke4
Rf8 66. Ra6 f2 67. b6 Kg1 0-1

[Event "XIX Festival A"]
[Site "Arco ITA"]
[Date "2007.10.25"]
[Round "6"]
[White "Prakken, Gerrit"]
[Black "Naumkin, Igor"]
[Result "0-1"]
[WhiteElo "2217"]
[BlackElo "2486"]
[PlyCount "104"]
[EventDate "2007.10.20"]

1. d4 e6 2. Nf3 Nf6 3. c4 b6 4. g3 Bb7 5. Bg2 Be7 6. O-O O-O 7. Nc3 Ne4 8. Bd2
f5 9. Qc2 Bf6 10. Rad1 d6 11. d5 Bxc3 12. Bxc3 Nxc3 13. Qxc3 e5 14. Ne1 Nd7 15.
Nd3 Qe7 16. b4 Rae8 17. e3 Nf6 18. Rfe1 Qf7 19. f4 e4 20. Nf2 b5 21. cxb5 Nxd5
22. Qb2 Nb6 23. Bf1 Bd5 24. a3 Bc4 25. Rc1 Bxf1 26. Rxf1 Ra8 27. Rc6 a5 28.
bxa6 Rxa6 29. Rfc1 Ra7 30. Nd1 Rfa8 31. Qe2 h6 32. Qb2 Kh7 33. Qe2 Nd5 34. Nc3
Ne7 35. Rc4 d5 36. Rc5 Rxa3 37. Rxc7 d4 38. exd4 Ra1 39. Rxa1 Rxa1+ 40. Kg2 Qf6
41. Qe3 Qd6 42. Rc5 Qa6 43. b5 Qa3 44. Kh3 Rf1 45. Qe2 Rf3 46. Nd5 Nxd5 47.
Rxd5 Qd3 48. Qg2 Rxf4 49. Rd7 Kg6 50. b6 Kh5 51. Qh1 g5 52. Qc1 Qf3 0-1

[Event "XIX Festival A"]
[Site "Arco ITA"]
[Date "2007.10.25"]
[Round "6"]
[White "Qendro, Llambi"]
[Black "Vezzosi, Paolo"]
[Result "1/2-1/2"]
[WhiteElo "2404"]
[BlackElo "2323"]
[PlyCount "78"]
[EventDate "2007.10.20"]

1. d4 Nf6 2. c4 e6 3. Nf3 b6 4. g3 Bb7 5. Bg2 Be7 6. O-O O-O 7. Nc3 Ne4 8. Qc2
Nxc3 9. Qxc3 c5 10. Qd3 Nc6 11. Bf4 d6 12. dxc5 bxc5 13. e4 e5 14. Bd2 Rb8 15.
Bc3 Nd4 16. Bxd4 exd4 17. b3 Bf6 18. Ne1 a5 19. Nc2 a4 20. Rfb1 Qa5 21. b4 cxb4
22. Rxb4 Bxe4 23. Bxe4 Rxb4 24. Nxb4 Qxb4 25. Rb1 Qc3 26. Bxh7+ Kh8 27. Qxc3
dxc3 28. Bc2 Rc8 29. Rb4 a3 30. Kf1 g5 31. h4 gxh4 32. gxh4 Kg7 33. Ke2 Bxh4
34. c5 Be7 35. Re4 Kf8 36. cxd6 Bxd6 37. Kd3 Rc5 38. f4 Kg7 39. Rc4 Rxc4
1/2-1/2

[Event "XIX Festival A"]
[Site "Arco ITA"]
[Date "2007.10.25"]
[Round "6"]
[White "Rettore, Ludwig"]
[Black "Bernardi, Ruben"]
[Result "1/2-1/2"]
[WhiteElo "2177"]
[BlackElo "2107"]
[PlyCount "61"]
[EventDate "2007.10.20"]

1. d4 c5 2. e4 cxd4 3. Nf3 Nc6 4. Nxd4 e5 5. Nb5 d6 6. N1c3 a6 7. Na3 b5 8. Nd5
Nf6 9. Bg5 Be7 10. Bxf6 Bxf6 11. c3 Bg5 12. Nc2 O-O 13. a4 bxa4 14. Rxa4 a5 15.
Bc4 Rb8 16. b3 g6 17. O-O Kh8 18. Qd3 f5 19. f3 Bh6 20. b4 axb4 21. cxb4 Be6
22. b5 fxe4 23. Qxe4 Bxd5 24. Qxd5 Qb6+ 25. Kh1 Ne7 26. Qe6 Nf5 27. Ra6 Qc5 28.
Rc6 Qa7 29. Ra6 Qc5 30. Rc6 Qa7 31. Ra6 1/2-1/2